000 00678nam a2200229Ia 4500
003 OSt
005 20220923220609.0
006 a|||||r|||| 00| 0
007 ta
008 220922b |||||||| |||| 00| 0 hin d
024 _a187,832
037 _cTextual
040 _aARTS
_cARTS
_bhin
041 _2hin
_ahin
082 _aW6v2.D, 152K6
100 _aशुक्ल, देवीदत्त
245 0 _aप्राचीन भारत में जनतंत्र
246 _aPrāchīn bhārat mean janatantra
260 _c1966
942 _hW6v2.D, 152K6
_cTEXL
_2CC
999 _c340909
_d340909